000 00460nam a2200193Ia 4500
008 240510s9999 xx 000 0 und d
020 _a0003540416552
041 _aEng
082 _a005.3
082 _bS24
100 _aRobertson, P (et-al)(Eds)
245 0 _aSelf-Adaptive softrware: Lecture Notes in Computer Science
260 _bSpringer: Tokyo
260 _c2001
300 _a247 p.
650 _asoftware :
942 _2ddc
942 _cLBK
999 _c27404
_d27404
945 _a1
_bMadushi Gamage
_c1
_dMadushi Gamage